| 000 | 01434cam a2200361 a 4500 | ||
|---|---|---|---|
| 001 | 3020818 | ||
| 003 | OSt | ||
| 005 | 20151029161423.0 | ||
| 008 | 940324s1993 enk b 000 1 eng | ||
| 010 | _a 94135977 | ||
| 020 |
_a1853260134 _c£4.99 (USA $6.95) |
||
| 040 |
_aDLC _cDLC _dDLC |
||
| 050 | 0 | 0 |
_aPS 2612 _b.P743 1993 |
| 082 | 0 | 0 |
_aIB 808.83 _bP75 2000 |
| 100 | 1 |
_aPoe, Edgar Allan, _d1809-1849. _920884 |
|
| 245 | 1 | 0 |
_aTales of mystery and imagination / _cEdgar Allan Poe ; edited by Graham Clarke. |
| 250 | _aNew ed. | ||
| 260 |
_aLondon : _bJ.M. Dent ; _aRutland, Vt. : _bC.E. Tuttle, _c1993. |
||
| 300 |
_a594 p. ; _c20 cm. |
||
| 490 | 0 | _aThe Everyman library | |
| 504 | _aIncludes bibliographical references. | ||
| 562 | _efor circulation. 1 copy available in the collection | ||
| 650 | 0 |
_aDetective and mystery stories, American. _91742 |
|
| 650 | 0 |
_aHorror tales, American. _91743 |
|
| 700 | 1 |
_aClarke, Graham. _920885 |
|
| 856 | 4 | 2 |
_3Publisher description _uhttp://www.loc.gov/catdir/description/orion051/94135977.html |
| 856 | 4 | 2 |
_3Contributor biographical information _uhttp://www.loc.gov/catdir/bios/orion051/94135977.html |
| 856 | 4 | 1 |
_3Table of contents only _uhttp://www.loc.gov/catdir/enhancements/fy1013/94135977-t.html |
| 906 |
_a7 _bcbc _corignew _d3 _encip _f19 _gy-gencatlg |
||
| 942 |
_2lcc _cBK |
||
| 999 |
_c11674 _d11674 |
||